[Event "FIDE Chesscom Online Nations Cup"]
[White "Vachier-Lagrave, Maxime"]
[Black "Radjabov, Teimour"]
[Site "Online"]
[Round "10"]
[Annotator "TA"]
[Result "1/2-1/2"]
[Date "2020.05.09"]
[WhiteElo "2860"]
[BlackElo "2758"]
[PlyCount "61"]

1. d4 {} Nf6 2. c4 e6 3. Nf3 d5 4. Nc3 Be7 5. Bf4 0-0 6. e3 Nbd7 7. Be2 dxc4 8. 0-0 c5 9. dxc5 Nxc5 10. Bxc4 Qxd1 {D37: Queen's Gambit Declined: 5 Bf4.} 11. Rfxd1 b6 12. Nd4 {[#] And now Nc6 would win.} Bb7 13. Rac1 a6 {[#]} 14. a3 $146 ({Predecessor:} 14. b4 Nce4 15. Nxe4 Bxe4 16. f3 Bd5 17. Bxd5 Nxd5 18. Nc6 Bf6 19. Bd6 Nc3 20. Bxf8 Kxf8 21. Rxc3 Bxc3 {1/2-1/2 (31) Swiercz,D (2646)-Howell,D (2688) Doha
2015} )Rac8 15. b4 Ncd7 16. Be2 Rfe8 {[#] Hoping for ...e5.} 17. Bg3 Bf8 18. Nb3 e5 19. Bh4 h6 20. Bxf6 Nxf6 21. Na4 Rxc1 22. Rxc1 Bd5 23. Bd1 Rb8 24. Nd2 a5 25. Rb1 {Threatening bxa5.} axb4 26. axb4 Ne4 27. Nxe4 Bxe4 28. Rb2 b5 29. Nc5 {The position is equal.} Bxc5 30. bxc5 Bd3 31. Bc2 {Accuracy: White =
82%, Black = 88%.} 1/2-1/2

[Event "FIDE Chesscom Online Nations Cup"]
[White "Ding, Liren"]
[Black "Nakamura, Hikaru"]
[Site "Online"]
[Round "10"]
[Annotator "TA"]
[Result "1-0"]
[Date "2020.05.09"]
[WhiteElo "2836"]
[BlackElo "2829"]
[PlyCount "131"]

1. e4 {} e5 2. Nf3 Nc6 3. Bc4 Bc5 4. d3 Nf6 5. c3 d6 6. 0-0 h6 7. Re1 0-0 {C54: Giuoco Piano: 4 c3 Nf6, main lines with 5 d4 and 5 d3.} 8. Nbd2 a5 {8...Ne7 is the modern continuation. Played by Hikaru Nakamura in
April 2020.} 9. Nf1 Be6 {The position is equal.} 10. Bb5 Bb6 11. Ng3 Ne7 12. h3 Nd7 13. d4 {Threatening d5.} f5 {[#]} 14. dxe5 $5 $146 { An
interesting novelty.} (14. Bxd7 $5 Qxd7 15. exf5 Nxf5 16. Nxf5 Rxf5 17. dxe5 $14 )({Predecessor:} 14. exf5 Nxf5 15. Nxf5 Rxf5 16. Bd3 Rf8 17. Be3 Bd5 18. Nh2 exd4 19. cxd4 Nf6 20. Ng4 {1/2-1/2 (44) So,W (2767)-Nakamura,H (2745)
chess.com INT 2020} )Nxe5 15. Nd4 Bc8 16. exf5 Nxf5 17. Ngxf5 Bxf5 18. Be3 Bd7 19. f4 Bxd4 20. Bxd4 Bxb5 21. fxe5 {Qb3+ is the strong threat.} Bc6 22. Qg4 $36 { And now exd6 would win. White has the initiative.} dxe5 23. Rxe5 Qd7 24. Qg3 {White wants to play Rae1.} Rae8 25. Rae1 {Black must now
prevent Rxe8.} Rxe5 26. Rxe5 a4 {[#]} 27. Re6 $3 {} Kh7 (27... Qxe6 28. Qxg7# )28. Qd3+ $1 Kg8 {[#]} 29. Rxh6 $1 {} Qf5 (29... gxh6 30. Qg6+ )30. Qg3 {} Qf1+ 31. Kh2 {} Qf4 {[#]} 32. Rg6 $1 Qxg3+ 33. Kxg3 $16 { Endgame KRB-KRB} Rf7 34. Rg5 Kh7 35. b4 a3 36. Ra5 Re7 37. Kf2 Rf7+ 38. Kg3 Re7 $1 39. Rxa3 Re2 40. Ra5 Rxg2+ 41. Kf4 Re2 42. Rh5+ Kg8 43. b5 Re4+ {[#]} 44. Kf5 (44. Kg3 $1 $16 Be8 45. Rg5 )g6+ $2 (44... Bd5 $14 )45. Kxg6 $18 {} Be8+ (45... Re6+ $142 46. Kf5 Bd7 )46. Kf5 Bxh5 $2 (46... Re1 )47. Kxe4 {KB-KB} Be2 {[#]} 48. a4 $1 {} Bd1 49. a5 Be2 50. Be5 Bxb5 51. Bxc7 Kf7 52. Kd5 Ke7 53. Kc5 Be2 54. Kb6 Bf3 55. c4 Kd7 56. c5 Kc8 57. h4 Be2 58. Bf4 Bf3 59. a6 bxa6 60. Kxa6 Kd7 61. Kb6 Kc8 62. c6 Bh5 63. Kc5 Bg4 64. Kd6 Kd8 65. c7+ Ke8 {[#]} 66. h5 $1 {Accuracy: White = 97%, Black = 79%.} 1-0

[Event "FIDE Chesscom Online Nations Cup"]
[White "Duda, Jan-Krzysztof"]
[Black "Amin, Bassem"]
[Site "Online"]
[Round "10"]
[Annotator "TA"]
[Result "1-0"]
[Date "2020.05.09"]
[WhiteElo "2774"]
[BlackElo "2608"]
[PlyCount "105"]

1. e4 {} e5 2. Nf3 Nc6 3. Bb5 a6 4. Ba4 Nf6 5. 0-0 Be7 6. d3 d6 7. c4 0-0 {C84: Closed Ruy Lopez: Unusual White 6th moves.} 8. h3 Nd7 {8...Nd4 gains popularity.} 9. Be3 Bf6 {The position is equal.} 10. Nc3 Nd4 11. Nd5 Nc5 {[#]} 12. Bxd4 $146 ({Predecessor:} 12. Bc2 c6 13. Nxf6+ Qxf6 14. Nxd4 exd4 15. Bd2 Qg6 16. Kh2 f5 17. b4 Nd7 18. f4 {1-0 (54) Stevic,H (2618)
-Kuljasevic,D (2557) Plitvicka Jezera 2013} )exd4 13. b4 Nxa4 14. Qxa4 c6 15. Nf4 Bd7 16. Qb3 g6 17. Ne2 Qb6 18. Rfc1 Be6 19. Nf4 Bd7 20. Rab1 Bg7 21. Ne2 Be6 22. Qb2 Qa7 ({Black should try} 22... f5 $11 )23. c5 $14 ({Worse is} 23. Nfxd4 c5 $17 )Rad8 24. a4 Rfe8 25. Qa3 Bc8 26. cxd6 Qb8 27. b5 axb5 28. axb5 Qxd6 29. Qxd6 Rxd6 30. bxc6 bxc6 31. Rb6 Bd7 32. Nd2 f5 33. Rb7 {
[#] And now Nc4 would win.} Bc8 34. Ra7 Bh6 (34... Rd7 $14 35. Ra8 Rc7 )35. f4 $16 fxe4 36. Nxe4 Rxe4 $2 {A mistake that costs the game.} (36... Rde6 $16 )37. dxe4 $18 {Hoping for Ra8.} d3 38. Ra8 dxe2 39. Rxc8+ { Endgame
Double Attack. KRR-KRB} Kg7 {( -> ...Rd1+)} 40. Re1 Bxf4 {[#] White must now
prevent ...Bg3.} 41. Kf2 $1 ({Weaker is} 41. Rxe2 Bg3 $11 )h5 42. Kxe2 ({
Don't do} 42. Rxe2 Be5 $18 )g5 $2 (42... Re6 {was necessary.} 43. Ra1 Rxe4+ 44. Kf3 Rb4 45. Rxc6 Bb8 )43. Rd1 {White is clearly winning.} Re6 44. Rd7+ Kf6 45. Kd3 h4 46. Rf8+ Kg6 47. Rff7 c5 (47... Be5 $142 48. Rf5 Bf6 )48. Rg7+ Kf6 49. Rh7 (49. Rdf7+ $142 Ke5 50. Rf5+ Kd6 51. Ra7 )Kg6 50. Rdg7+ Kf6 51. Rh6+ Ke5 52. Rxe6+ Kxe6 53. Rg6+ {Accuracy: White = 90%, Black = 62%.} 1-0

[Event "FIDE Chesscom Online Nations Cup"]
[White "Caruana, Fabiano"]
[Black "Wang, Hao"]
[Site "Online"]
[Round "10"]
[Annotator "TA"]
[Result "1-0"]
[Date "2020.05.09"]
[WhiteElo "2773"]
[BlackElo "2750"]
[PlyCount "55"]

1. e4 {} e5 2. Nf3 Nf6 3. Nxe5 d6 4. Nf3 Nxe4 5. Nc3 Nxc3 6. dxc3 Be7 7. Be3 0-0 8. Qd2 {C42: Petroff Defence: 3 Nxe5 and unusual White 3rd moves.} Nd7 9. 0-0-0 Nf6 {is cutting edge theory.} 10. Bd3 {The position is equal.} c5 11. Rhe1 Be6 12. Bf4 $5 { A promising side line.} d5 13. Ng5 $36 { [#] Qe2 is the strong threat. White has the initiative.} Bg4 $146 (13... c4 $11 {remains equal.} 14. Be2 (14. Rxe6 fxe6 15. Nxe6 { Double
Attack} Qa5 $15 )Bc5 )({Predecessor:} 13... c4 14. Bf1 Bg4 15. f3 Bd7 16. Nh3 b5 17. Kb1 Bxh3 18. gxh3 a5 19. Be5 Qb6 {1/2-1/2 (33) Broadway,D (2226)
-Sneddon,I (2238) ICCF email 2018} )14. f3 $16 Bd7 {[#]} (14... Bc8 $16 {
is a better defense.} )15. c4 (15. Bxh7+ $1 $18 {} Kh8 (15... Nxh7 16. Nxh7 )16. c4 )d4 $1 $14 16. h4 Re8 (16... Bc6 $11 )17. g4 $16 Bc6 18. Qh2 Qa5 19. a3 Bf8 (19... b5 $14 )20. Bd2 Qb6 (20... Qd8 $14 )21. Qf4 Bd7 {
[#] Strongly threatening ...Bd6.} 22. Bxh7+ $1 {} Kh8 (22... Nxh7 23. Qxf7+ )23. Bf5 Bxf5 24. Qxf5 ({Don't take} 24. gxf5 $6 Kg8 $16 )Kg8 25. h5 Qc6 26. Nxf7 Kxf7 27. g5 { Pin} Qd7 $2 (27... Kg8 {was worth a try.
} )28. Qg6+ {Accuracy: White = 73%, Black = 57%.} 1-0

[Event "FIDE Chesscom Online Nations Cup"]
[White "Artemiev, Vladislav"]
[Black "Vidit, Santosh Gujrathi"]
[Site "Online"]
[Round "10"]
[Annotator "TA"]
[Result "1-0"]
[Date "2020.05.09"]
[WhiteElo "2769"]
[BlackElo "2636"]
[PlyCount "51"]

1. d4 {} Nf6 2. Nf3 d5 3. Bg5 Ne4 4. Bh4 Qd6 5. Nbd2 Qh6 6. Qc1 {D03: 1 d4 d5 2 Nf3 Nf6 3 Bg5, including Torre Attack with
early ...d5.} g5 7. Nxe4 dxe4 8. Bxg5 {White is slightly better.} Qh5 {[#]} (8... Qb6 $14 )9. Ng1 $1 $16 Bg7 10. c3 {[#]} c5 $146 ({Predecessor:} 10... e5 11. dxe5 Bxe5 12. Bf4 Nc6 13. e3 Bxf4 14. exf4 Be6 15. Qe3 0-0-0 16. g3 Rhe8 {
1/2-1/2 (28) Vlasov,S-Bejnerovich,A St Petersburg 1998} )11. Bd2 Nc6 12. e3 Bg4 13. Ne2 0-0-0 {[#]} 14. b4 $1 cxb4 ({Better is} 14... cxd4 $18 15. cxd4 Kb8 )15. cxb4 {And now Ng3 would win.} Kb8 {[#]} 16. b5 $1 {} Qxb5 17. Rb1 Qd5 ({Avoid the trap} 17... Qa6 $2 18. Nf4 $18 )18. Nc3 $36 {
Keeping Black busy.} Qe6 19. Na4 {Strongly threatening Nc5.} Ka8 $2 {[#] Loses
the game.} (19... Qd6 $16 )20. Rxb7 $1 {} Qd6 (20... Kxb7 21. Nc5+ )21. Nc5 Nxd4 $2 {[#]} (21... Rb8 $18 )22. Rxa7+ $1 { White mates.} Kxa7 23. Qa3+ Kb6 24. Qb4+ { Double Attack} Kc6 25. Qb7+ Kxc5 26. Bb4# { Skewer. Accuracy: White = 95%, Black = 43%.} 1-0

[Event "FIDE Chesscom Online Nations Cup"]
[White "Andreikin, Dmitry"]
[Black "Adhiban, B.."]
[Site "Online"]
[Round "10"]
[Annotator "TA"]
[Result "1-0"]
[Date "2020.05.09"]
[WhiteElo "2740"]
[BlackElo "2624"]
[PlyCount "105"]

1. Nf3 {} d5 2. g3 g6 3. Bg2 Bg7 4. d4 Nf6 5. 0-0 0-0 6. c3 a5 {D02: 1 d4 d5 2 Nf3
sidelines, including 2...Nf6 3 g3 and 2...Nf6 3 Bf4.} 7. a4 c5 8. Na3 {[#]} b6 $146 {The position is equal.} ({Predecessor:} 8... Nc6 9. Bf4 Ne4 10. Nb5 Bf5 11. Nh4 cxd4 12. Nxf5 gxf5 13. cxd4 Rc8 14. f3 Nf6 {1/2-1/2 (14) Slipak,S 
(2444)-Krysa,L (2422) Resistance/Saenz Pena 2013} )9. Nb5 Na6 10. Bf4 Bb7 11. Qb3 Nh5 12. Be3 Qd7 13. Rfd1 Rfc8 14. Ne1 e6 15. Nc2 c4 16. Qa2 Bc6 17. Nca3 Nc7 18. Nxc7 Rxc7 19. Nb1 b5 20. axb5 Bxb5 21. Nd2 a4 22. Bf3 Rb7 23. Bxh5 gxh5 24. Bf4 Bc6 25. Nb1 ({White should play} 25. Qb1 $15 )f6 $19 26. Na3 e5 27. Bc1 Qe6 28. Nc2 Bf8 29. Nb4 (29. e4 $142 )Bxb4 30. cxb4 Rxb4 31. Qa3 Rb3 32. Qc5 Rb5 33. Qa3 Rb3 34. Qc5 Rc8 35. Qa7 Rb7 36. Qa6 Kf7 37. Rxa4 (37. Ra3 $17 )Bxa4 $2 {[#]} (37... exd4 $19 38. Re1 d3 )38. Qxb7+ $11 Kg6 39. Re1 exd4 40. Qa7 Bc6 41. Qxd4 Qe5 42. Be3 Rb8 43. Qc5 Qe6 44. Bd4 h4 45. f3 h3 46. Kf2 Rb5 (46... h5 $14 )47. Qf8 $16 {Black must now prevent g4.} Qf7 $2 {[#]
} (47... Rb7 $16 )48. Qd6 $18 Bb7 (48... Bd7 $142 49. Ra1 Qe6 )49. Ra1 Rb3 (49... h6 $142 50. g4 Kh7 )50. g4 h6 51. Ra5 Kg7 52. Rc5 Kg6 53. Rc7 {Quite a
comeback for White. Accuracy: White = 74%, Black = 61%.} 1-0

[Event "FIDE Chesscom Online Nations Cup"]
[White "Yu, Yangyi"]
[Black "So, Wesley"]
[Site "Online"]
[Round "10"]
[Annotator "TA"]
[Result "0-1"]
[Date "2020.05.09"]
[WhiteElo "2738"]
[BlackElo "2741"]
[PlyCount "92"]

1. e4 {} e5 2. Nf3 Nc6 3. Bb5 Nf6 4. 0-0 Nxe4 5. Re1 Nd6 6. Nxe5 Be7 7. Bf1 Nxe5 8. Rxe5 0-0 9. d4 Bf6 10. Re1 Re8 {C67: Ruy Lopez: Berlin Defence: 4 0-0 Nxe4.} 11. c3 Rxe1 12. Qxe1 Ne8 {The position is equal.} 13. a4 d5 14. a5 Nd6 15. Bf4 Bf5 16. Nd2 {} Bg5 {[#]} 17. Qe3 $146 ({Predecessor:} 17. Bxg5 Qxg5 18. Nf3 Qd8 19. Ne5 f6 20. Nd3 c6 21. Qd1 Qc7 {1/2-1/2 (21) Kovalev,V 
(2660)-So,W (2765) Wijk aan Zee 2020} )Bxf4 18. Qxf4 Qd7 19. Nb3 Re8 20. Nc5 Qc8 21. a6 b6 22. Nb7 Ne4 23. Re1 Bd7 24. c4 Nf6 25. Rc1 $1 Bc6 {[#]} (25... dxc4 $11 26. Bxc4 Bc6 )26. c5 ({Better is} 26. Nd6 $1 $14 {} cxd6 27. cxd5 )Re4 27. Qg3 $1 Bxb7 {[#]} (27... Re6 $11 {remains equal.} )28. cxb6 $1 $16 Bxa6 29. Rxc7 ({White should try} 29. bxa7 $14 Bxf1 30. Qxc7 )Qe8 $11 {aiming for ...Re1!} 30. Bxa6 Re1+ 31. Bf1 axb6 {Strongly
threatening ...Qb5!} 32. Qd3 g6 33. f3 Qa4 34. Kf2 Rd1 35. Qc3 Kg7 36. Bd3 $1 Rh1 37. b3 $2 (37. Rb7 $11 {and White is okay.} )Qa2+ $19 38. Bc2 $2 {
White does not recover from this.} (38. Be2 $17 )Qa3 {And now ...Qc1
would win.} 39. Qe3 {[#]} Qa1 $1 { White must now prevent ...Qf1+.} 40. Kg3 Re1 41. Qc3 Nh5+ 42. Kf2 (42. Kh3 $19 Qc1 43. Bxg6 Qxc3 44. Rxc3 hxg6 45. g3 )Rf1+ {Black mates.} 43. Ke3 Qc1+ 44. Qd2 Re1+ 45. Kd3 Nf4+ 46. Kc3 Re3+ {Accuracy: White = 71%, Black = 85%.} (46... Qa1+ $142 47. Kb4 Qa5# )0-1

[Event "FIDE Chesscom Online Nations Cup"]
[White "Firouzja, Alireza"]
[Black "Aronian, Levon"]
[Site "Online"]
[Round "10"]
[Annotator "TA"]
[Result "1-0"]
[Date "2020.05.09"]
[WhiteElo "2703"]
[BlackElo "2778"]
[PlyCount "81"]

1. e4 {} e5 2. Nc3 Nf6 3. Bc4 Nxe4 4. Qh5 Nd6 5. Bb3 Be7 6. Qxe5 0-0 $1 {C27: Vienna Game: 2...Nf6 3 Bc4 Nxe4.} 7. d4 Nc6 8. Qf4 Na5 {The
position is equal.} 9. Bd5 Ne8 10. Bf3 {[#]} Bb4 $146 ({Predecessor:} 10... Nc6 11. Nd5 Bd6 12. Qd2 b6 13. Ne2 Nf6 14. Ne3 Re8 15. 0-0 Bf8 16. c4 g6 {1/2-1/2 
(43) Caruana,F (2782)-Giri,A (2734) Wijk aan Zee 2014} )11. a3 ({White should
try} 11. Nge2 $11 )Bxc3+ $15 12. bxc3 d5 13. Ne2 c6 14. 0-0 Nc4 15. Ng3 Qf6 ({Black should play} 15... Qa5 $17 16. Rb1 Qxc3 )16. Be2 Qxf4 (16... Qe6 {
keeps more tension.} 17. Qh4 h6 18. Bd3 Ned6 19. f3 f6 )17. Bxf4 Ned6 18. Bd3 Bd7 19. a4 b6 20. f3 Rfe8 21. Kf2 f6 22. h4 Re6 23. Rfb1 g6 24. Ne2 Rae8 25. g4 R6e7 26. Ng3 Be6 27. Rh1 Bf7 (27... Bd7 $11 )28. g5 $16 fxg5 29. Bxg5 Rd7 30. h5 Nb2 $1 31. Be2 Be6 (31... gxh5 $11 {keeps the balance.} 32. Bf4 Ndc4 )32. hxg6 hxg6 33. a5 b5 (33... Rh7 $16 )34. Rh6 Kg7 (34... Nf7 $16 {was called for.
} )35. Rah1 $18 Bg8 (35... Rg8 {might work better.} 36. Nh5+ gxh5 )36. Bc1 Nbc4 37. Bd3 Re6 38. Rg1 Rf7 {[#]} (38... Kf8 $142 39. Ne2 Nf7 40. Rhxg6 Rxg6 )39. Bxg6 $1 { White is clearly winning.} Rc7 (39... Rxg6 40. Nh5+ )40. Nh5+ Kf8 41. Rh8 {Accuracy: White = 92%, Black = 59%.} 1-0

[Event "FIDE Chesscom Online Nations Cup"]
[White "Harikrishna, Pentala"]
[Black "Karjakin, Sergey"]
[Site "Online"]
[Round "10"]
[Annotator "TA"]
[Result "1/2-1/2"]
[Date "2020.05.09"]
[WhiteElo "2690"]
[BlackElo "2709"]
[PlyCount "71"]

1. e4 {} e5 2. Nf3 Nc6 3. Bb5 Nf6 4. 0-0 Nxe4 5. Re1 Nd6 6. Nxe5 Be7 7. Bf1 Nxe5 8. Rxe5 0-0 9. d4 (9. Nc3 Ne8 10. Nd5 Bd6 11. Re1 c6 12. Ne3 Bc7 13. Nf5 d5 14. Ne7+ Kh8 15. Nxc8 Rxc8 16. d3 f5 17. Qf3 Nf6 18. Bf4 Bxf4 19. Qxf4 Qc7 20. Qxc7 Rxc7 21. Re5 {
1/2-1/2 (21) Harikrishna,P (2724)-Karjakin,S (2754) Jerusalem 2019} )Bf6 10. Re1 {The position is equal.} Re8 {C67: Ruy Lopez: Berlin Defence: 4 0-0
Nxe4.} 11. Bf4 Rxe1 12. Qxe1 Ne8 13. c3 d5 14. Bd3 g6 15. Nd2 Ng7 16. Nf3 c6 17. Qe2 (17. Bh6 {feels hotter.} Qd6 18. h3 Bd7 19. Qd2 Re8 20. Bf4 )Bf5 18. Bxf5 Nxf5 19. Re1 Qd7 20. h3 Ng7 21. Be5 Re8 22. Qd3 {[#]} Bxe5 $146 ({
Predecessor:} 22... Bd8 23. Re2 f6 24. Bg3 Rxe2 25. Qxe2 Qe6 26. Qxe6+ {
1/2-1/2 (26) Amin,B (2709)-Bacrot,E (2677) Zagreb 2018} )23. Rxe5 f6 24. Rxe8+ Nxe8 25. Qe2 Nd6 26. Ne1 Kf7 27. Nd3 Qe7 28. Kf1 Qxe2+ 29. Kxe2 $11 { Endgame KN-KN} h5 30. g4 hxg4 31. hxg4 g5 32. f3 Ke7 33. Kd2 Kf7 34. Ke2 Ke7 35. Kd2 Kf7 36. Ke2 {A rather calm draw. Accuracy: White = 100%, Black =
100%.} 1/2-1/2

[Event "FIDE Chesscom Online Nations Cup"]
[White "Koneru, Humpy"]
[Black "Girya, Olga"]
[Site "Online"]
[Round "10"]
[Annotator "ChessBase"]
[Result "1-0"]
[Date "2020.05.09"]
[WhiteElo "2483"]
[BlackElo "2471"]
[PlyCount "201"]
[TimeControl "1500+10"]

1. d4 {[%emt 0:0:2]} Nf6 {[%emt 0:0:4]} 2. c4 {[%emt 0:0:4]} e6 {[%emt 0:0:0]} 3. Nf3 {[%emt 0:0:8]} d5 {[%emt 0:0:2]} 4. Nc3 {[%emt 0:0:18]} Bb4 {[%emt 0:0:2]} 5. Bg5 {[%emt 0:0:20]} h6 {[%emt 0:0:4]} 6. Bxf6 {[%emt 0:0:0]} Qxf6 {[%emt 0:0:1]} 7. Qb3 {[%emt 0:0:38]} c5 {[%emt 0:0:20]} 8. cxd5 {[%emt 0:0:16]} exd5 {[%emt 0:0:2]} 9. a3 {[%emt 0:0:52]} Bxc3+ {[%emt 0:0:20]
} 10. Qxc3 {[%emt 0:0:4]} c4 {[%emt 0:2:11]} 11. b3 {[%emt 0:0:0]} Be6 {[%emt 0:0:26]} 12. bxc4 {[%emt 0:1:24]} dxc4 {[%emt 0:0:3]} 13. e3 {[%emt 0:0:45]} Nd7 {[%emt 0:4:2]} 14. Be2 {[%emt 0:2:2]} 0-0 {[%emt 0:0:5]
} 15. Nd2 {[%emt 0:2:56]} b5 {[%emt 0:7:8]} 16. Bf3 {[%emt 0:0:0]} Rab8 {[%emt 0:0:9]} 17. 0-0 {[%emt 0:0:30]} Rfc8 {[%emt 0:6:24]} 18. Rfc1 {[%emt 0:1:24]} Qd8 {[%emt 0:2:16]} 19. Rab1 {[%emt 0:0:52]} a5 {[%emt 0:0:45]
} 20. e4 {[%emt 0:0:35]} f6 {[%emt 0:0:8]} 21. d5 {[%emt 0:0:0]} Bf7 {[%emt 0:0:2]} 22. Bg4 {[%emt 0:0:3]} Rc5 {[%emt 0:2:15]} 23. Bxd7 {[%emt 0:2:47]} Qxd7 {[%emt 0:0:2]} 24. Qxa5 {[%emt 0:2:33]} f5 {[%emt 0:0:3]
} 25. Rxc4 {[%emt 0:1:20]} Rxc4 {[%emt 0:0:37]} 26. Nxc4 {[%emt 0:0:2]
} fxe4 {[%emt 0:0:14]} 27. Ne3 {[%emt 0:0:4]} Qb7 {[%emt 0:0:0]} 28. Qd2 {[%emt 0:1:0]} Ra8 {[%emt 0:0:18]} 29. Rb3 {[%emt 0:2:0]} Qd7 {[%emt 0:0:6]} 30. h3 {[%emt 0:0:22]} Rd8 {[%emt 0:0:10]} 31. Rb4 {[%emt 0:0:0]} Qa7 {[%emt 0:0:3]} 32. Qb2 {[%emt 0:0:14]} Ra8 {[%emt 0:0:19]} 33. Rxb5 {[%emt 0:0:19]} Qxa3 {[%emt 0:0:2]} 34. Qxa3 {[%emt 0:0:15]} Rxa3 {[%emt 0:0:2]
} 35. Rb8+ {[%emt 0:0:6]} Kh7 {[%emt 0:0:1]} 36. Rb7 {[%emt 0:0:3]
} Kg6 {[%emt 0:0:31]} 37. Rb6+ {[%emt 0:0:14]} Kh7 {[%emt 0:0:0]} 38. Kh2 {[%emt 0:0:10]} Rd3 {[%emt 0:0:6]} 39. Rd6 {[%emt 0:0:1]} Rd2 {[%emt 0:0:17]} 40. Kg3 {[%emt 0:0:4]} g6 {[%emt 0:0:24]} 41. h4 {[%emt 0:0:0]} Kg7 {[%emt 0:0:18]} 42. Rd7 {[%emt 0:0:12]} Kf8 {[%emt 0:0:7]} 43. Ng4 {[%emt 0:0:8]} Rxd5 {[%emt 0:0:8]} 44. Rxd5 {[%emt 0:0:4]} Bxd5 {[%emt 0:0:1]
} 45. Nxh6 {[%emt 0:0:4]} Ke7 {[%emt 0:0:20]} 46. Ng4 {[%emt 0:0:6]
} Ke6 {[%emt 0:0:8]} 47. Kf4 {[%emt 0:0:4]} Bc4 {[%emt 0:0:0]} 48. Ne3 {[%emt 0:0:18]} Bd3 {[%emt 0:0:2]} 49. Kg5 {[%emt 0:0:6]} Kf7 {[%emt 0:0:3]} 50. Ng4 {[%emt 0:0:5]} Bc2 {[%emt 0:0:16]} 51. Ne5+ {[%emt 0:0:13]
} Kg7 {[%emt 0:0:5]} 52. g3 {[%emt 0:0:4]} Bb1 {[%emt 0:0:0]} 53. Nc4 {[%emt 0:0:13]} Kf7 {[%emt 0:0:10]} 54. Nd2 {[%emt 0:0:11]} e3 {[%emt 0:0:15]} 55. fxe3 {[%emt 0:0:1]} Bd3 {[%emt 0:0:2]} 56. Nf3 {[%emt 0:0:12]
} Bc2 {[%emt 0:0:12]} 57. Ne5+ {[%emt 0:0:6]} Kg7 {[%emt 0:0:0]} 58. Nc6 {[%emt 0:0:8]} Bb1 {[%emt 0:0:3]} 59. Nd4 {[%emt 0:0:8]} Bd3 {[%emt 0:0:25]} 60. Kf4 {[%emt 0:0:21]} Kf6 {[%emt 0:0:3]} 61. e4 {[%emt 0:0:0]} Bb1 {[%emt 0:0:4]} 62. e5+ {[%emt 0:0:9]} Ke7 {[%emt 0:0:20]} 63. Kg5 {[%emt 0:0:9]} Bd3 {[%emt 0:0:11]} 64. Nb3 {[%emt 0:0:32]} Bb1 {[%emt 0:0:10]
} 65. Nc5 {[%emt 0:0:24]} Bc2 {[%emt 0:0:5]} 66. Kf4 {[%emt 0:0:0]} Bb1 {[%emt 0:0:13]} 67. Ke3 {[%emt 0:0:10]} Bf5 {[%emt 0:0:35]} 68. Kf4 {[%emt 0:0:7]} Bb1 {[%emt 0:0:1]} 69. Nb3 {[%emt 0:0:11]} Ke6 {[%emt 0:0:9]
} 70. Nd4+ {[%emt 0:0:8]} Kd5 {[%emt 0:0:13]} 71. Ne2 {[%emt 0:0:25]
} Ke6 {[%emt 0:0:6]} 72. Kg5 {[%emt 0:0:8]} Kxe5 {[%emt 0:0:0]} 73. Nf4 {[%emt 0:0:1]} Bc2 {[%emt 0:0:14]} 74. g4 {[%emt 0:0:7]} Bd1 {[%emt 0:0:19]} 75. Nxg6+ {[%emt 0:0:6]} Ke6 {[%emt 0:0:1]} 76. Nf4+ {[%emt 0:0:11]
} Kf7 {[%emt 0:0:3]} 77. Nd3 {[%emt 0:0:4]} Kg7 {[%emt 0:0:0]} 78. Ne5 {[%emt 0:0:6]} Ba4 {[%emt 0:0:14]} 79. h5 {[%emt 0:0:18]} Bb5 {[%emt 0:0:11]} 80. Kf5 {[%emt 0:0:11]} Be2 {[%emt 0:0:10]} 81. Kg5 {[%emt 0:0:9]
} Bb5 {[%emt 0:0:1]} 82. Nf3 {[%emt 0:0:7]} Bc6 {[%emt 0:0:0]} 83. Nd4 {[%emt 0:0:1]} Ba4 {[%emt 0:0:7]} 84. Nf5+ {[%emt 0:0:9]} Kh7 {[%emt 0:0:4]} 85. Kh4 {[%emt 0:0:16]} Bc2 {[%emt 0:0:20]} 86. Ne3 {[%emt 0:0:25]
} Bd3 {[%emt 0:0:7]} 87. g5 {[%emt 0:0:13]} Kg7 {[%emt 0:0:0]} 88. Nd5 {[%emt 0:0:5]} Bc4 {[%emt 0:0:17]} 89. Nf4 {[%emt 0:0:4]} Bb3 {[%emt 0:0:5]} 90. Kg4 {[%emt 0:0:16]} Bc2 {[%emt 0:0:21]} 91. Kf3 {[%emt 0:0:19]
} Bd1+ {[%emt 0:0:6]} 92. Ke4 {[%emt 0:0:3]} Bg4 {[%emt 0:0:0]} 93. Ke5 {[%emt 0:0:4]} Bd1 {[%emt 0:0:4]} 94. h6+ {[%emt 0:0:16]} Kh7 {[%emt 0:0:6]} 95. Kf6 {[%emt 0:0:5]} Bc2 {[%emt 0:0:7]} 96. Ne6 {[%emt 0:0:3]
} Bb1 {[%emt 0:0:9]} 97. Nf8+ {[%emt 0:0:14]} Kg8 {[%emt 0:0:0]} 98. g6 {[%emt 0:0:7]} Kh8 {[%emt 0:0:16]} 99. Kg5 {[%emt 0:0:27]} Kg8 {[%emt 0:0:15]} 100. Nd7 {[%emt 0:0:3]} Ba2 {[%emt 0:0:12]} 101. Nf6+ {[%emt 0:0:13]
} 1-0

[Event "FIDE Chesscom Online Nations Cup"]
[White "Saduakassova, Dinara"]
[Black "Dzagnidze, Nana"]
[Site "Online"]
[Round "10"]
[Annotator "ChessBase"]
[Result "1/2-1/2"]
[Date "2020.05.09"]
[WhiteElo "2412"]
[BlackElo "2447"]
[PlyCount "72"]
[TimeControl "1500+10"]

1. e4 {[%emt 0:0:6]} c5 {[%emt 0:0:3]} 2. Nf3 {[%emt 0:0:2]} Nc6 {[%emt 0:0:10]
} 3. d4 {[%emt 0:0:4]} cxd4 {[%emt 0:0:2]} 4. Nxd4 {[%emt 0:0:0]} e6 {[%emt 0:0:2]} 5. Nc3 {[%emt 0:0:2]} a6 {[%emt 0:0:5]} 6. Be2 {[%emt 0:0:16]} Qc7 {[%emt 0:0:4]} 7. 0-0 {[%emt 0:0:6]} Nf6 {[%emt 0:0:0]} 8. Be3 {[%emt 0:0:15]} Bd6 {[%emt 0:3:6]} 9. f4 {[%emt 0:2:22]} Nxd4 {[%emt 0:0:23]
} 10. Qxd4 {[%emt 0:0:10]} e5 {[%emt 0:0:5]} 11. Qd2 {[%emt 0:0:0]} exf4 {[%emt 0:1:23]} 12. Bxf4 {[%emt 0:0:5]} Bxf4 {[%emt 0:0:3]} 13. Rxf4 {[%emt 0:0:15]} d6 {[%emt 0:1:4]} 14. Rd1 {[%emt 0:3:28]} Qc5+ {[%emt 0:0:4]
} 15. Kf1 {[%emt 0:1:38]} Be6 {[%emt 0:2:19]} 16. Qxd6 {[%emt 0:0:13]
} Qxd6 {[%emt 0:1:44]} 17. Rxd6 {[%emt 0:0:3]} Rc8 {[%emt 0:0:0]} 18. e5 {[%emt 0:3:27]} Nd7 {[%emt 0:0:12]} 19. Bg4 {[%emt 0:0:22]} Bxg4 {[%emt 0:0:59]} 20. Rxg4 {[%emt 0:0:3]} Nxe5 {[%emt 0:0:40]} 21. Rb4 {[%emt 0:2:11]
} Nc4 {[%emt 0:3:42]} 22. Rd3 {[%emt 0:0:8]} b5 {[%emt 0:0:0]} 23. a4 {[%emt 0:0:33]} bxa4 {[%emt 0:0:40]} 24. Nd5 {[%emt 0:1:50]} Ne5 {[%emt 0:3:5]} 25. Re3 {[%emt 0:0:37]} f6 {[%emt 0:0:3]} 26. Rb7 {[%emt 0:0:0]} Rd8 {[%emt 0:0:14]} 27. Nc7+ {[%emt 0:1:54]} Kf7 {[%emt 0:0:12]} 28. Nxa6+ {[%emt 0:0:8]} Kg6 {[%emt 0:0:6]} 29. Nc5 {[%emt 0:1:10]} Rhe8 {[%emt 0:5:39]
} 30. Rg3+ {[%emt 0:2:11]} Kf5 {[%emt 0:0:4]} 31. Nd3 {[%emt 0:0:23]
} Nxd3 {[%emt 0:1:1]} 32. Rxd3 {[%emt 0:1:30]} g5 {[%emt 0:0:0]} 33. Rxd8 {[%emt 0:0:27]} Rxd8 {[%emt 0:0:2]} 34. Ke2 {[%emt 0:0:1]} h5 {[%emt 0:0:16]} 35. Rb5+ {[%emt 0:0:3]} Ke6 {[%emt 0:0:52]} 36. Rb4 {[%emt 0:0:8]
} Ra8 {[%emt 0:0:4]} 1/2-1/2